Abgezockt im Nebenjob : der riskante Traum vom schnellen Geld /

Saved in:
Bibliographic Details
Main Author: Kinnebrock, Wolfgang.
Format: Book
Language:German
Published: Reinbek bei Hamburg : Rowohlt, 1998.
Edition:Originalausg.
Series:Rororo Sachbuch
Subjects:
Tags: Add Tag
No Tags, Be the first to tag this record!
LEADER 00735nam a2200253Ia 4500
001 007911024-X
005 20040120165453.0
008 031110s1998 gw a 000 0 ger d
020 |a 3499605171 
035 0 |a ocm53380332 
040 |a HLS  |c HLS 
043 |a e-gx--- 
050 4 |a HD5110.2.G3  |b K56 1998 
090 |a HD5110.2.G3  |b K56 1998 
100 1 |a Kinnebrock, Wolfgang. 
245 1 0 |a Abgezockt im Nebenjob :  |b der riskante Traum vom schnellen Geld /  |c Wolfgang Kinnebrock. 
250 |a Originalausg. 
260 |a Reinbek bei Hamburg :  |b Rowohlt,  |c 1998. 
300 |a 331 p. :  |b ill. ;  |c 19 cm. 
490 0 |a Rororo Sachbuch 
650 0 |a Part-time employment  |z Germany. 
650 0 |a Income  |z Germany. 
988 |a 20040120 
906 |0 MH